| 000 | 00610nam a2200217 u 4500 | ||
|---|---|---|---|
| 005 | 20220611063612.0 | ||
| 008 | 091202s2005 es r 000 0 spa d | ||
| 020 | _a8420712809 | ||
| 035 | _aUPN01000174073 | ||
| 049 | _aI | ||
| 050 | 4 |
_aPZ75 _bL5.2 |
|
| 100 | 1 | _aLinazasoro, Karlos | |
| 245 | 1 | 4 |
_aLas botas rojas / _cKarlos Linazasoro ; il. Claudia Ranucci. |
| 260 |
_aMadrid : _bAnaya, _c2005. |
||
| 300 |
_a76 p. : _bil. |
||
| 440 | 0 |
_aSopa de libros ; _v45 |
|
| 650 | 4 |
_aCuentos infantiles _96744 |
|
| 650 | 0 |
_aAventuras y aventureros _94121 |
|
| 700 | 1 |
_aRanucci, Claudia, _eil. |
|
| 905 | _aInfantil | ||
| 999 |
_c146177 _d146177 |
||